000 01250cam a22003737a 4500
003 CHAP
005 20220817043917.0
008 031002d199? es a r 00110 spa d
010 _a87769
011 _a88741
020 _a8449102669
035 _a99286
040 _cCHAP
090 _aFolleto 16677
100 0 0 _aGarcía Rollán, Mariano.
_946546
245 1 4 _aLos peligros de las setas
_c/por M. García Rollan
260 _aMadrid :
_bMinisterio de Agricultura Pesca y Alimentación,
_c199?
300 _a32 p. :
_bilus.
410 0 0 _aMinisterio de Agricultura Pesca y Alimentación
490 0 _aHojas divulgadoras
_v; 8-9/94 HD
590 _aBATCH-UPD
_b10
_c20130110
_lUCH01
_h1112
590 _aBATCH-UPD
_b10
_c20130410
_lUCH01
_h0703
590 _aBATCH-UPD
_b10
_c20130914
_lUCH01
_h1621
590 _aCONVERSION
_b10
_c20130109
_lUCH01
_h1349
650 1 4 _aHongos venenosos.
_956138
650 1 4 _aSetas.
_9105368
810 0 0 _aMinisterio de Agricultura Pesca y Alimentación
_975959
830 0 _aHojas divulgadoras
_v; 8-9/94 HD
901 _aBK
905 _aAlejandra Carrasco M.
942 _cFOLL
949 _aFolleto 16677
_bBC
_cFOLL
_d992861
_eTS1
_i99286
_sb
949 _aFolleto 16677
_bBC
_cFOLL
_d992862
_eTS2
_fc.2
_i99286
_sb
999 _c87769
_d87769